| 000 | 02187cam a22004934i 4500 | ||
|---|---|---|---|
| 003 | PE-LiUPU | ||
| 005 | 20250731173149.0 | ||
| 008 | 150623s r 000 0 d | ||
| 020 | _a0385499876 | ||
| 035 | _a(Sirsi) i9780385499873 | ||
| 040 |
_aPE-LiUPU _bspa _cPE-LiUPU _erda |
||
| 049 | _aPRUA | ||
| 082 | 0 | 4 |
_a222.160 66 _bF82 _221 |
| 100 | 1 |
_aFreedman, David Noel, _d1922-, _eautor. |
|
| 245 | 1 | 4 |
_aThe nine commandments : _buncovering a hidden pattern of crime and punishment in the Hebrew Bible / _cDavid Noel Freedman. |
| 264 | 1 |
_aNew York, NY : _bDoubleday, _c2000. |
|
| 300 |
_a217 páginas : _bilustraciones, gráficos ; _c23 centímetros |
||
| 336 |
_atext _2rdacontent |
||
| 337 |
_aunmediated _2rdamedia |
||
| 338 |
_avolume _2rdacarrier |
||
| 490 | 0 | _aThe Anchor Bible Reference Library | |
| 504 | _aIncluye bibliografía. | ||
| 505 | 0 | _aThe first and second commmandments: you shall have no other gods before me. The third commandment. you shall not lift up the name of Yahweh. The fourth commandment: remember the sabbath day and keep it holy. The fifth commmandment: honor your father and mather. The sixth commmandment: You shall no steal. The seventh commandment: you shall not murder. Eighth commandment: your shal not commit adultery. The ninth commandment: you shall not bear false witness. The tenth commandment? you shall not covet. | |
| 526 | _aSEG42 | ||
| 526 | _aSEG41 | ||
| 526 | _aSEG40 | ||
| 526 | _aSEG39 | ||
| 526 | _aP94 | ||
| 526 | _aP87 | ||
| 526 | _aP86 | ||
| 526 | _aP85 | ||
| 526 | _aP77 | ||
| 526 | _aP76 | ||
| 526 | _aP35 | ||
| 630 |
_aBiblia. _pA.T. _xCrítica, interpretación, etc. |
||
| 650 | 0 | 4 | _aCrimen en la Biblia. |
| 650 | 0 | 4 | _aMandamientos de Dios. |
| 942 |
_2ddc _cBOOK |
||
| 949 |
_a222.160 66 F82 _wDEWEY _c1 _i53401 _lCCODEBUL1 _mBUL _p17.00 _r0 _sY _tBOOK _u2015-6-24 _xTEOLOGIA _PP35 _0COMPRA _o.STAFF. Colección General |
||
| 994 |
_aC0 _bPEPRU |
||
| 596 | _a1 | ||
| 999 |
_a222.160 66 F82 _wDEWEY _c35371 _i53401 _f2021-11-11 _g5 _lCCODEBUL1 _mBUL _p17.00 _r0 _sY _tBOOK _u2015-6-24 _xTEOLOGIA _PP35 _0COMPRA _o.STAFF. Colección General _d35371 |
||
| 980 |
_81 _gALBERTO SANCHEZ Responsable de Automatización |
||